000 00485nam a2200181Ia 4500
008 240925s9999 xx 000 0 und d
020 _a9788120334236
082 _a330.954 KAN
100 _aKanagasabapathi, P.
245 0 _aIndian models of economy, business and management
250 _aNA
260 _aNew Delhi:
_bPHI Learning
_c,2008.
300 _a262p.
_b0
_fOriginal
500 _aIncludes Index
600 _aSocial Sciences
650 _aSocial Sciences
942 _cBK
999 _c17769
_d17769